<?xml version="1.0" encoding="UTF-8"?>
<record
    xmlns:xsi="http://www.w3.org/2001/XMLSchema-instance"
    xsi:schemaLocation="http://www.loc.gov/MARC21/slim http://www.loc.gov/standards/marcxml/schema/MARC21slim.xsd"
    xmlns="http://www.loc.gov/MARC21/slim">

  <leader>00536nam a22001577a 4500</leader>
  <controlfield tag="003">OSt</controlfield>
  <controlfield tag="005">20150910150559.0</controlfield>
  <controlfield tag="008">150910b        xxu||||| |||| 00| 0 eng d</controlfield>
  <datafield tag="040" ind1=" " ind2=" ">
    <subfield code="c">RUA</subfield>
  </datafield>
  <datafield tag="082" ind1=" " ind2=" ">
    <subfield code="a">AGR &#x1787;&#x17B9;&#x1798;1994 B010 Or.1</subfield>
  </datafield>
  <datafield tag="100" ind1=" " ind2=" ">
    <subfield code="9">247</subfield>
    <subfield code="a">&#x1787;&#x17B9;&#x1798; &#x178A;&#x17B6;&#x179A;&#x17B6;&#x179A;&#x178A;&#x17D2;&#x178B;</subfield>
  </datafield>
  <datafield tag="245" ind1=" " ind2=" ">
    <subfield code="a">&#x179F;&#x17B7;&#x1780;&#x17D2;&#x179F;&#x17B6;&#x1780;&#x17B6;&#x179A;&#x1782;&#x17D2;&#x179A;&#x1794;&#x17CB;&#x1782;&#x17D2;&#x179A;&#x1784;&#x1794;&#x17D2;&#x179A;&#x1796;&#x17D0;&#x1793;&#x17D2;&#x1792;&#x179F;&#x17D2;&#x179A;&#x17C4;&#x1785;&#x179F;&#x17D2;&#x179A;&#x1796;&#x1793;&#x17C5;&#x1798;&#x178E;&#x17D2;&#x178C;&#x179B;&#x179F;&#x17D2;&#x179A;&#x17C2;&#x17A2;&#x17C6;&#x1796;&#x17B7;&#x179B;</subfield>
  </datafield>
  <datafield tag="260" ind1=" " ind2=" ">
    <subfield code="a">Phnom Penh</subfield>
    <subfield code="b">RUA</subfield>
    <subfield code="c">1994</subfield>
  </datafield>
  <datafield tag="300" ind1=" " ind2=" ">
    <subfield code="a">86p.</subfield>
    <subfield code="b">ill.</subfield>
    <subfield code="c">29cm.</subfield>
  </datafield>
  <datafield tag="942" ind1=" " ind2=" ">
    <subfield code="2">ddc</subfield>
    <subfield code="c">AGR</subfield>
  </datafield>
  <datafield tag="999" ind1=" " ind2=" ">
    <subfield code="c">231</subfield>
    <subfield code="d">231</subfield>
  </datafield>
  <datafield tag="952" ind1=" " ind2=" ">
    <subfield code="0">0</subfield>
    <subfield code="1">0</subfield>
    <subfield code="2">ddc</subfield>
    <subfield code="4">0</subfield>
    <subfield code="6">AGR_&#x1787;&#x17B9;&#x1798;1994_B010_OR_1_000000000000000</subfield>
    <subfield code="7">0</subfield>
    <subfield code="9">1003</subfield>
    <subfield code="a">LBB</subfield>
    <subfield code="b">LBB</subfield>
    <subfield code="c">B010</subfield>
    <subfield code="d">2015-09-10</subfield>
    <subfield code="o">AGR &#x1787;&#x17B9;&#x1798;1994 B010 Or.1</subfield>
    <subfield code="p">RUA003925</subfield>
    <subfield code="r">2015-09-10</subfield>
    <subfield code="w">2015-09-10</subfield>
    <subfield code="y">AGR</subfield>
  </datafield>
  <datafield tag="952" ind1=" " ind2=" ">
    <subfield code="0">0</subfield>
    <subfield code="1">0</subfield>
    <subfield code="2">ddc</subfield>
    <subfield code="4">0</subfield>
    <subfield code="6">AGR_&#x1787;&#x17B9;&#x1798;1994_B010_OR_2_000000000000000</subfield>
    <subfield code="7">0</subfield>
    <subfield code="9">1004</subfield>
    <subfield code="a">LBB</subfield>
    <subfield code="b">LBB</subfield>
    <subfield code="c">B010</subfield>
    <subfield code="d">2015-09-10</subfield>
    <subfield code="o">AGR &#x1787;&#x17B9;&#x1798;1994 B010 Or.2</subfield>
    <subfield code="p">RUA003926</subfield>
    <subfield code="r">2015-09-10</subfield>
    <subfield code="w">2015-09-10</subfield>
    <subfield code="y">AGR</subfield>
  </datafield>
  <datafield tag="952" ind1=" " ind2=" ">
    <subfield code="0">0</subfield>
    <subfield code="1">0</subfield>
    <subfield code="2">ddc</subfield>
    <subfield code="4">0</subfield>
    <subfield code="6">AGR_&#x1787;&#x17B9;&#x1798;1994_B010_OR_3_000000000000000</subfield>
    <subfield code="7">0</subfield>
    <subfield code="9">1005</subfield>
    <subfield code="a">LBB</subfield>
    <subfield code="b">LBB</subfield>
    <subfield code="c">B010</subfield>
    <subfield code="d">2015-09-10</subfield>
    <subfield code="o">AGR &#x1787;&#x17B9;&#x1798;1994 B010 Or.3</subfield>
    <subfield code="p">RUA003927</subfield>
    <subfield code="r">2015-09-10</subfield>
    <subfield code="w">2015-09-10</subfield>
    <subfield code="y">AGR</subfield>
  </datafield>
  <datafield tag="952" ind1=" " ind2=" ">
    <subfield code="0">0</subfield>
    <subfield code="1">0</subfield>
    <subfield code="2">ddc</subfield>
    <subfield code="4">0</subfield>
    <subfield code="6">AGR_&#x1787;&#x17B9;&#x1798;1994_B010_OR_4_000000000000000</subfield>
    <subfield code="7">0</subfield>
    <subfield code="9">1006</subfield>
    <subfield code="a">LBB</subfield>
    <subfield code="b">LBB</subfield>
    <subfield code="c">B010</subfield>
    <subfield code="d">2015-09-10</subfield>
    <subfield code="o">AGR &#x1787;&#x17B9;&#x1798;1994 B010 Or.4</subfield>
    <subfield code="p">RUA005665</subfield>
    <subfield code="r">2015-09-10</subfield>
    <subfield code="w">2015-09-10</subfield>
    <subfield code="y">AGR</subfield>
  </datafield>
  <datafield tag="952" ind1=" " ind2=" ">
    <subfield code="0">0</subfield>
    <subfield code="1">0</subfield>
    <subfield code="2">ddc</subfield>
    <subfield code="4">0</subfield>
    <subfield code="6">AGR_&#x1787;&#x17B9;&#x1798;1994_B010_OR_5_000000000000000</subfield>
    <subfield code="7">0</subfield>
    <subfield code="9">1007</subfield>
    <subfield code="a">LBB</subfield>
    <subfield code="b">LBB</subfield>
    <subfield code="c">B010</subfield>
    <subfield code="d">2015-09-10</subfield>
    <subfield code="o">AGR &#x1787;&#x17B9;&#x1798;1994 B010 Or.5</subfield>
    <subfield code="p">RUA005450</subfield>
    <subfield code="r">2015-09-10</subfield>
    <subfield code="w">2015-09-10</subfield>
    <subfield code="y">AGR</subfield>
  </datafield>
  <datafield tag="952" ind1=" " ind2=" ">
    <subfield code="0">0</subfield>
    <subfield code="1">0</subfield>
    <subfield code="2">ddc</subfield>
    <subfield code="4">0</subfield>
    <subfield code="6">AGR_&#x1787;&#x17B9;&#x1798;1994_B010_OR_6_000000000000000</subfield>
    <subfield code="7">0</subfield>
    <subfield code="9">1014</subfield>
    <subfield code="a">LBB</subfield>
    <subfield code="b">LBB</subfield>
    <subfield code="d">2015-09-10</subfield>
    <subfield code="o">AGR &#x1787;&#x17B9;&#x1798;1994 B010 Or.6</subfield>
    <subfield code="p">RUA003004</subfield>
    <subfield code="r">2015-09-10</subfield>
    <subfield code="w">2015-09-10</subfield>
    <subfield code="y">AGR</subfield>
  </datafield>
  <datafield tag="952" ind1=" " ind2=" ">
    <subfield code="0">0</subfield>
    <subfield code="1">0</subfield>
    <subfield code="2">ddc</subfield>
    <subfield code="4">0</subfield>
    <subfield code="6">AGR_&#x1787;&#x17B9;&#x1798;1994_B010_OR_7_000000000000000</subfield>
    <subfield code="7">0</subfield>
    <subfield code="9">1015</subfield>
    <subfield code="a">LBB</subfield>
    <subfield code="b">LBB</subfield>
    <subfield code="d">2015-09-10</subfield>
    <subfield code="o">AGR &#x1787;&#x17B9;&#x1798;1994 B010 Or.7</subfield>
    <subfield code="p">RUA006997</subfield>
    <subfield code="r">2015-09-10</subfield>
    <subfield code="w">2015-09-10</subfield>
    <subfield code="y">AGR</subfield>
  </datafield>
</record>
